Name the 2018-19 Knicks Roster - Statistics

General Stats
  • This quiz has been taken 5 times
  • The average score is 9 of 23
Answer Stats
Position Name College % Correct
SG Allonzo Trier Arizona
100%
SG Damyean Dotson Houston
100%
C Mitchell Robinson Western Kentucky
100%
SG Courtney Lee Western Kentucky
67%
C DeAndre Jordan Texas A&M
67%
PG Dennis Smith NC State
67%
PG Frank Ntilikina Belgium
67%
PF Kevin Knox Kentucky
67%
SG Ron Baker Wichita State
67%
PG Emmanuel Mudiay DR of the Congo
33%
C Luke Kornet Vanderbilt
33%
SF Mario Hezonja Croatia
33%
PF Noah Vonleh Indiana
33%
SG Tim Hardaway Michigan
33%
PG Trey Burke Michigan
33%
SG Billy Garrett DePaul
0%
C Enes Freedom Kentucky
0%
PF Henry Ellenson Marquette
0%
PF Isaiah Hicks UNC
0%
SG John Jenkins Vanderbilt
0%
PG Kadeem Allen Arizona
0%
PF Lance Thomas Duke
0%
SG Wesley Matthews Marquette
0%
No matching quizzes found
Score Distribution
Percent of People with Each Score
Percentile by Number Answered
Your Score History
You have not taken this quiz